[Event "Katowice rapid op"]
[Site "Katowice"]
[Date "2025.05.31"]
[Round "7"]
[White "Balis, Sebastian"]
[Black "Brzezina, Pawel"]
[Result "0-1"]
[WhiteElo "1729"]
[BlackElo "1984"]
[PlyCount "96"]
[EventDate "2025.05.31"]
[EventType "swiss"]
[EventRounds "11"]
[EventCountry "POL"]
[SourceTitle "CB24_2025"]
[SourceDate "2025.06.11"]
[SourceVersion "1"]
[SourceVersionDate "2025.06.11"]
[SourceQuality "1"]

1. e4 e5 2. Nf3 Nc6 3. Bc4 Bc5 4. 0-0 Nf6 5. d3 d6 6. c3 a5 7. Nbd2 Ba7 8. h3 0-0 9. Re1 Ne7 10. Nf1 Ng6 11. Ng3 c6 12. Bb3 Be6 13. Be3 Bxe3 14. fxe3 d5 15. exd5 cxd5 16. e4 Qb6+ 17. d4 dxe4 18. Nxe4 Nxe4 19. Rxe4 f5 20. Re2 Bxb3 21. Qxb3+ Qxb3 22. axb3 e4 23. Nd2 Nf4 24. Re3 Ra6 25. Nc4 Rg6 26. g3 Nd5 27. Re2 Rxg3+ 28. Kh2 Nf4 29. Kxg3 Nxe2+ 30. Kf2 Nf4 31. h4 Nd3+ 32. Ke3 b5 33. Ne5 Nxe5 34. dxe5 Ra8 35. c4 bxc4 36. bxc4 Kf7 37. b4 a4 38. Ra3 Ke6 39. Kf4 g6 40. b5 Ke7 41. Ke3 Kd7 42. c5 Rb8 43. b6 Kc6 44. Rc3 a3 45. Rxa3 Kxc5 46. Ra7 Rxb6 47. Rxh7 Kd5 48. Rh6 Kxe5 0-1

[Event "Katowice rapid op"]
[Site "Katowice"]
[Date "2025.05.31"]
[Round "9"]
[White "Balis, Sebastian"]
[Black "Giefert, Sara"]
[Result "1-0"]
[WhiteElo "1729"]
[BlackElo "1893"]
[PlyCount "73"]
[EventDate "2025.05.31"]
[EventType "swiss"]
[EventRounds "11"]
[EventCountry "POL"]
[SourceTitle "CB24_2025"]
[SourceDate "2025.06.11"]
[SourceVersion "1"]
[SourceVersionDate "2025.06.11"]
[SourceQuality "1"]

1. e4 c5 2. Nf3 d6 3. d4 cxd4 4. Nxd4 Nf6 5. Nc3 a6 6. Bg5 e6 7. f4 Qb6 8. Qd2 Qxb2 9. Rb1 Qa3 10. e5 dxe5 11. fxe5 Nfd7 12. Be2 Qc5 13. Nf3 Nc6 14. Be3 Qa5 15. 0-0 Ncxe5 16. Nxe5 Qxe5 17. Kh1 Be7 18. Bd4 Qd6 19. Ne4 Qc7 20. Bxg7 Rg8 21. Qh6 Bf8 22. Bxf8 Rxf8 23. Qxh7 b5 24. Bh5 Ne5 25. Rbd1 Nc4 26. Ng5 Ne5 27. Rde1 Bd7 28. Rxe5 Qxe5 29. Nxf7 Rxf7 30. Qxf7+ Kd8 31. Qf8+ Kc7 32. Qxa8 Qxh5 33. Qa7+ Kd8 34. Qxa6 Qe2 35. Qb6+ Ke8 36. Qf2 Qxf2 37. Rxf2 1-0

[Event "Katowice rapid op"]
[Site "Katowice"]
[Date "2025.05.31"]
[Round "1"]
[White "Balis, Sebastian"]
[Black "Lewtak, Damian"]
[Result "0-1"]
[WhiteElo "1729"]
[BlackElo "2244"]
[PlyCount "60"]
[EventDate "2025.05.31"]
[EventType "swiss"]
[EventRounds "11"]
[EventCountry "POL"]
[SourceTitle "CB24_2025"]
[SourceDate "2025.06.11"]
[SourceVersion "1"]
[SourceVersionDate "2025.06.11"]
[SourceQuality "1"]

1. e4 c5 2. Nf3 d6 3. d4 cxd4 4. Nxd4 Nf6 5. Nc3 Nc6 6. Bg5 e6 7. Qd2 a6 8. f4 Bd7 9. Be2 h6 10. Bh4 Rc8 11. 0-0-0 Qc7 12. Nb3 Be7 13. Bf2 Nb4 14. Bd3 e5 15. f5 d5 16. exd5 Nfxd5 17. Nxd5 Nxd5 18. Rhe1 Bg5 19. Be3 Nxe3 20. Rxe3 0-0 21. h4 Bxe3 22. Qxe3 Bb5 23. c3 Bxd3 24. Rxd3 Rfd8 25. Rxd8+ Rxd8 26. f6 Qd6 27. Kb1 Qd3+ 28. Qxd3 Rxd3 29. fxg7 b6 30. Kc2 Rg3 0-1

[Event "Katowice rapid op"]
[Site "Katowice"]
[Date "2025.05.31"]
[Round "2"]
[White "Putowski, Lukasz"]
[Black "Balis, Sebastian"]
[Result "0-1"]
[WhiteElo "1473"]
[BlackElo "1729"]
[PlyCount "62"]
[EventDate "2025.05.31"]
[EventType "swiss"]
[EventRounds "11"]
[EventCountry "POL"]
[SourceTitle "CB24_2025"]
[SourceDate "2025.06.11"]
[SourceVersion "1"]
[SourceVersionDate "2025.06.11"]
[SourceQuality "1"]

1. e4 c5 2. c3 d5 3. exd5 Qxd5 4. d4 Nc6 5. Be3 cxd4 6. cxd4 Nf6 7. Nc3 Qd6 8. Be2 Bf5 9. Nb5 Qd7 10. d5 Nb4 11. Rc1 Nbxd5 12. Qa4 e6 13. Bf3 Bb4+ 14. Kf1 0-0 15. Qb3 Nxe3+ 16. fxe3 Qxb5+ 17. Be2 Qb6 18. Rc4 Bc5 19. Qc3 Bxe3 20. Rb4 Qd6 21. a3 Bd2 22. Qd4 Bxb4 23. Qxd6 Bxd6 24. Nf3 Bg4 25. Kf2 Rac8 26. Rd1 Bc5+ 27. Kg3 Rfd8 28. Rf1 h5 29. h3 Ne4+ 30. Kh4 Be7+ 31. Ng5 Bxg5# 0-1

[Event "Poronin Tatra Limba op-B"]
[Site "Poronin"]
[Date "2021.05.22"]
[Round "1.8"]
[White "Jozefik, Aleksander"]
[Black "Balis, Sebastian"]
[Result "1-0"]
[WhiteElo "1568"]
[BlackElo "1287"]
[PlyCount "39"]
[EventDate "2021.05.22"]
[EventType "swiss"]
[EventRounds "9"]
[EventCountry "POL"]
[SourceTitle "EXT 2022"]
[Source "ChessBase"]
[SourceDate "2021.10.06"]
[SourceVersion "1"]
[SourceVersionDate "2021.10.06"]
[SourceQuality "1"]

1. e4 c5 2. Nf3 e6 3. c3 d5 4. exd5 exd5 5. d4 Nc6 6. Bb5 Bg4 7. 0-0 Nf6 8. h3 Be6 9. Re1 a6 10. Bxc6+ bxc6 11. Ng5 Qd7 12. Qe2 Ke7 13. Bf4 h6 14. Nxe6 fxe6 15. Nd2 g5 16. Be5 Bg7 17. Nf3 Rhe8 18. dxc5 Ra7 19. Bd6+ Kf7 20. Ne5+ 1-0

[Event "Marianske Lazne op"]
[Site "Marianske Lazne"]
[Date "2020.01.18"]
[Round "1"]
[White "Budzisz, Adrian"]
[Black "Balis, Sebastian"]
[Result "1-0"]
[WhiteElo "1849"]
[BlackElo "1187"]
[PlyCount "38"]
[EventDate "2020.01.18"]
[EventType "swiss"]
[EventRounds "9"]
[EventCountry "CZE"]
[SourceTitle "EXT 2021"]
[Source "ChessBase"]
[SourceDate "2020.10.23"]
[SourceVersion "1"]
[SourceVersionDate "2020.10.23"]
[SourceQuality "1"]

1. e4 c5 2. Nf3 e6 3. b3 a6 4. Bb2 Nc6 5. Bd3 d6 6. 0-0 Nf6 7. Re1 Be7 8. c3 0-0 9. Bc2 Qc7 10. d3 b5 11. Nbd2 Bb7 12. Nf1 Rac8 13. Rc1 Rfd8 14. Ng3 Ba8 15. d4 Bf8 16. h3 Be7 17. Nh4 h6 18. Nh5 Nh7 19. Qg4 Kf8 1-0